000 01008nam a2200265Ia 4500
003 OSt
005 20221005104848.0
006 a|||||r|||| 00| 0
007 ta
008 221004b |||||||| |||| 00| 0 hin d
020 _a817453170X (hbk)
_c350
024 _a100982
037 _b408, 23/03/2010, Swaraj Prakashan
_cTextual
040 _aCRL
_cCRL
_bhin
041 _2hin
_ahin
082 _aO152,1(Delta25):g, P5
100 _aपटियाल, रवि कुमार
245 0 _aहिन्दी के सन्त - काव्य में योग तत्व
246 _aHindī ke santa - kāvya mean yog tatva
260 _aदिल्ली
_bसंजय प्रकाशन भारत
_c2005
300 _a199पृ0
_ccm.
650 _aहिन्दी साहित्य
942 _hO152,1(Delta25):g, P5
_cTEXL
_2cc
999 _c1014015
_d1014015